000 00466nam a2200181Ia 4500
001 4335
005 20260306145748.0
008 260306t2020||||xx |||||||||||||| ||spa||
041 _aESP
082 _a320.98
_bB15
100 _aBaeza Freer, Jaime
_eAUT
245 0 _aAmenazas extrarregionales a la seguridad:
_bred de política de seguridad
260 _c2020
300 _a191 páginas :
_c24 cm.
650 _aGEN
654 _aCDE
942 _cLIB
_dJUS
_fJUS
_2ddc
_n
999 _c4335
_d4335